<?xml version="1.0" encoding="UTF-8"?><?xml-stylesheet type="text/xsl" href="static/style.xsl"?><OAI-PMH xmlns="http://www.openarchives.org/OAI/2.0/" xmlns:xsi="http://www.w3.org/2001/XMLSchema-instance" xsi:schemaLocation="http://www.openarchives.org/OAI/2.0/ http://www.openarchives.org/OAI/2.0/OAI-PMH.xsd"><responseDate>2026-06-06T04:54:46Z</responseDate><request verb="GetRecord" identifier="oai:riuma.uma.es:10630/35275" metadataPrefix="marc">https://riuma.uma.es/rest/oai/request</request><GetRecord><record><header><identifier>oai:riuma.uma.es:10630/35275</identifier><datestamp>2026-02-03T10:54:20Z</datestamp><setSpec>com_10630_2254</setSpec><setSpec>col_10630_37953</setSpec></header><metadata><record xmlns="http://www.loc.gov/MARC21/slim" xmlns:dcterms="http://purl.org/dc/terms/" xmlns:doc="http://www.lyncode.com/xoai" xmlns:xsi="http://www.w3.org/2001/XMLSchema-instance" xsi:schemaLocation="http://www.loc.gov/MARC21/slim http://www.loc.gov/standards/marcxml/schema/MARC21slim.xsd">
   <leader>00925njm 22002777a 4500</leader>
   <datafield ind2=" " ind1=" " tag="042">
      <subfield code="a">dc</subfield>
   </datafield>
   <datafield ind2=" " ind1=" " tag="720">
      <subfield code="a">Viñolo-Gil, Maria Jesús</subfield>
      <subfield code="e">author</subfield>
   </datafield>
   <datafield ind2=" " ind1=" " tag="720">
      <subfield code="a">Rodríguez-Huguet, Manuel</subfield>
      <subfield code="e">author</subfield>
   </datafield>
   <datafield ind2=" " ind1=" " tag="720">
      <subfield code="a">García-Muñoz, Cristina</subfield>
      <subfield code="e">author</subfield>
   </datafield>
   <datafield ind2=" " ind1=" " tag="720">
      <subfield code="a">González-Medina, Gloria</subfield>
      <subfield code="e">author</subfield>
   </datafield>
   <datafield ind2=" " ind1=" " tag="720">
      <subfield code="a">Martín-Vega, Francisco-Javier</subfield>
      <subfield code="e">author</subfield>
   </datafield>
   <datafield ind2=" " ind1=" " tag="720">
      <subfield code="a">Martín-Valero, Rocío</subfield>
      <subfield code="e">author</subfield>
   </datafield>
   <datafield ind2=" " ind1=" " tag="260">
      <subfield code="c">2022</subfield>
   </datafield>
   <datafield ind2=" " ind1=" " tag="520">
      <subfield code="a">Electromagnetic fields are emerging as a therapeutic option for patients with spasticity. They have been applied at brain or peripheral level. The effects of electromagnetic fields applied to the brain have been extensively studied for years in spasticity, but not so at the peripheral level. Therefore, the purpose of our work is to analyze the effects of electromagnetic fields, applied peripherally to spasticity. A systematic review was conducted resulting in 10 clinical trials. The frequency ranged from 1 Hz to 150 Hz, with 25 Hz being the most commonly used and the intensity it was gradually increased but there was low homogeneity in how it was increased. Positive results on spasticity were found in 80% of the studies: improvements in stretch reflex threshold, self questionnaire about difficulties related to spasticity, clinical spasticity score, performance scale, Ashworth scale, spastic tone, Hmax/Mmax Ratio and active and passive dorsal flexion. However, results must be taken with caution due to the large heterogeneity and the small number of articles. In future studies, it would be interesting to agree on the parameters to be used, as well as the way of assessing spasticity, to be more objective in the study of their effectiveness.</subfield>
   </datafield>
   <datafield ind1="8" ind2=" " tag="024">
      <subfield code="a">Vinolo-Gil, M.J.; Rodríguez-Huguet, M.; García-Muñoz, C.; Gonzalez-Medina, G.; Martin-Vega, F.J.; Martín-Valero, R. Effects of Peripheral Electromagnetic Fields on Spasticity: A Systematic Review. J. Clin. Med. 2022, 11, 3739. https://doi.org/10.3390/jcm11133739</subfield>
   </datafield>
   <datafield ind1="8" ind2=" " tag="024">
      <subfield code="a">https://hdl.handle.net/10630/35275</subfield>
   </datafield>
   <datafield ind1="8" ind2=" " tag="024">
      <subfield code="a">10.3390/jcm11133739</subfield>
   </datafield>
   <datafield tag="653" ind2=" " ind1=" ">
      <subfield code="a">Espasticidad - Fisioterapia</subfield>
   </datafield>
   <datafield ind2="0" ind1="0" tag="245">
      <subfield code="a">Effects of Peripheral Electromagnetic Fields on Spasticity: a systematic review.</subfield>
   </datafield>
</record>
</metadata></record></GetRecord></OAI-PMH>